Instituciones laborales y políticas activas de promoción del empleo en la Argentina (Registro nro. 4012)
[ vista simple ]
| 000 -LEADER | |
|---|---|
| fixed length control field | 01646 a2200253 4500 |
| 001 - CONTROL NUMBER | |
| control field | 45823 |
| 005 - DATE AND TIME OF LATEST TRANSACTION | |
| control field | 20260407155730.0 |
| 008 - FIXED-LENGTH DATA ELEMENTS--GENERAL INFORMATION | |
| fixed length control field | 260407a2006 arg spa d |
| 003 - CONTROL NUMBER IDENTIFIER | |
| control field | AR-UNSa-BCEJYS |
| 040 ## - CATALOGING SOURCE | |
| Original cataloging agency | AR-UNSa-BCEJYS |
| Language of cataloging | spa |
| Transcribing agency | AR-UNSa-BCEJYS |
| 080 ## - UNIVERSAL DECIMAL CLASSIFICATION NUMBER | |
| Universal Decimal Classification number | 331.5(82) |
| Common auxiliary subdivision | Mercado de Trabajo. Empleo en Argentina |
| 020 ## - INTERNATIONAL STANDARD BOOK NUMBER | |
| International Standard Book Number | 978-987-9329-23-8 |
| 041 ## - LANGUAGE CODE | |
| Language code of text/sound track or separate title | spa |
| 100 1# - MAIN ENTRY--PERSONAL NAME | |
| Personal name | Bour, Juan Luis |
| 245 10 - TITLE STATEMENT | |
| Title | Instituciones laborales y políticas activas de promoción del empleo en la Argentina |
| Name of part/section of a work | Una investigación de FIEL en cooperación con la fundación Konrad Adenauer |
| 264 #1 - PRODUCTION, PUBLICATION, DISTRIBUTION, MANUFACTURE, AND COPYRIGHT NOTICE | |
| Place of production, publication, distribution, manufacture | Buenos Aires : |
| Name of producer, publisher, distributor, manufacturer | FIEL (Fundación de Investigaciones Económicas Latinoamericanas) |
| Date of production, publication, distribution, manufacture, or copyright notice | 2006 |
| 300 ## - PHYSICAL DESCRIPTION | |
| Extent | 184 p. |
| Dimensions | 23 cm. |
| 505 ## - FORMATTED CONTENTS NOTE | |
| Formatted contents note | Parte I: El mercado de trabajo en la Argentina. Instituciones y desempeño: 1. Evolución reciente del mercado laboral argentino – 2. Las instituciones laborales en la Argentina y la experiencia comparada – 3. Organización institucional y desempeño de los mercados de trabajo ¿A quién protege la regulación? – Parte II: Las políticas de empleo: 4. Las políticas de promoción del empleo en la experiencia internacional – 5. Evaluación de las políticas activas de empleo – 6. Historias recientes de los programas de empleo en la Argentina – 7. Situación actual de las políticas de empleo en la Argentina – Parte III: Conclusiones y recomendaciones generales - |
| 590 ## - LOCAL NOTE (RLIN) | |
| Local note | niveau_biblio:m niveau_hierar:0 |
| 700 1# - ADDED ENTRY--PERSONAL NAME | |
| Personal name | Auguste, Sebastián |
| 700 1# - ADDED ENTRY--PERSONAL NAME | |
| Personal name | Susmel, Nuria |
| 856 41 - ELECTRONIC LOCATION AND ACCESS | |
| Uniform Resource Identifier | <a href="https://www.biblioeco.unsa.edu.ar/pmb/images/libros/L127194.jpg">https://www.biblioeco.unsa.edu.ar/pmb/images/libros/L127194.jpg</a> |
| Link text | Imagen de portada |
| Electronic format type | image/jpeg |
| 942 ## - ADDED ENTRY ELEMENTS (KOHA) | |
| Koha item type | |
| Withdrawn status | Lost status | Damaged status | Not for loan | Home library | Current library | Shelving location | Date acquired | Total checkouts | Full call number | Barcode | Date last seen | Price effective from | Koha item type |
|---|---|---|---|---|---|---|---|---|---|---|---|---|---|
| Biblioteca Prof. Eusebio Cleto del Rey | Biblioteca Prof. Eusebio Cleto del Rey | 07/04/2026 | 331.5(82) F981i | L127194 | 07/04/2026 | 07/04/2026 | Libro |